Normal view
MARC view
Entry Topical Term
001 - CONTROL NUMBER
- control field: 1235772
003 - CONTROL NUMBER IDENTIFIER
- control field: OSt
005 - DATE AND TIME OF LATEST TRANSACTION
- control field: 20260427142624.0
008 - FIXED-LENGTH DATA ELEMENTS
- fixed length control field: 260427|| aca||aabn | a|a d
040 ## - CATALOGING SOURCE
- Original cataloging agency: OSt
- Transcribing agency: OSt
150 ## - HEADING--TOPICAL TERM
- Topical term or geographic name entry element: तुलनात्मक अध्ययन
670 ## - SOURCE DATA FOUND
- Source citation: Work cat.: (OSt)355611: 166898, तुलनात्मक अध्ययन, 1992
